Statistics for Indian Cities to States Random Quiz

Click here to take the quiz!

General Stats

  • This quiz has been taken 49 times
  • The average score is 13 of 20

Answer Stats

HintAnswer% Correct
VijayawadaAndhra Pradesh
100%
PatnaBihar
100%
PanajiGoa
100%
MargaoGoa
100%
VadodaraGujarat
100%
DharmshalaHimachal Pradesh
100%
ShimlaHimachal Pradesh
100%
RanchiJharkhand
100%
AlappuzhaKerala
100%
ThiruvananthapuramKerala
100%
IndoreMadhya Pradesh
100%
ElloraMaharashtra
100%
NagpurMaharashtra
100%
ImphalManipur
100%
KohimaNagaland
100%
CuttackOdisha
100%
JalandharPunjab
100%
AmritsarPunjab
100%
PatialaPunjab
100%
AlwarRajasthan
100%
UdaipurRajasthan
100%
TiruchchirappaliTamil Nadu
100%
MaduraiTamil Nadu
100%
CoimbatoreTamil Nadu
100%
SalemTamil Nadu
100%
Dehra DunUttarakhand
100%
NainitalUttarakhand
100%
AgraUttar Pradesh
100%
LucknowUttar Pradesh
100%
AsansolWest Bengal
100%
LudhianaPunjab
86%
BengaluruKarnataka
83%
RameswaramTamil Nadu
83%
VishakhapatnamAndhra Pradesh
80%
AhmedabadGujarat
80%
BikanerRajasthan
80%
KanpurUttar Pradesh
80%
HaflongAssam
75%
Vasco Da GamaGoa
75%
DwarkaGujarat
75%
PorbandarGujarat
75%
KollamKerala
75%
MumbaiMaharashtra
75%
CherrapunjiMeghalaya
75%
JaipurRajasthan
75%
MathuraUttar Pradesh
75%
SiliguriWest Bengal
75%
HaldiaWest Bengal
75%
KolkataWest Bengal
75%
TirupatiAndhra Pradesh
67%
ItanagarArunachal Pradesh
67%
JorhatAssam
67%
GuwahatiAssam
67%
BilaspurChhattisgarh
67%
GandhinagarGujarat
67%
RajkotGujarat
67%
KandlaGujarat
67%
KulluHimachal Pradesh
67%
HubbaliKarnataka
67%
KozhikodeKerala
67%
BhopalMadhya Pradesh
67%
JodhpurRajasthan
67%
HyderabadTelengana
67%
JhansiUttar Pradesh
67%
DarjeelingWest Bengal
67%
KharagpurWest Bengal
67%
ChennaiTamil Nadu
60%
KanyakumariTamil Nadu
60%
KurnoolAndhra Pradesh
50%
BhagalpurBihar
50%
DhanbadJharkhand
50%
BokaroJharkhand
50%
MangaloreKerala
50%
KochiKerala
50%
GwaliorMadhya Pradesh
50%
RatnagiriMaharashtra
50%
AizawlMizoram
50%
JaisalmerRajasthan
50%
GangtokSikkim
50%
NelloreTamil Nadu
50%
WarangalTelengana
50%
AgartalaTripura
50%
VaranasiUttar Pradesh
50%
RourkelaOdisha
40%
PrayagrajUttar Pradesh
33%
MaldaWest Bengal
33%
NaharlagunArunachal Pradesh
0%
RaxualBihar
0%
KatniHimachal Pradesh
0%
NashikMaharashtra
0%
PuneMaharashtra
0%
SambalpurOdisha
0%
BerhampurOdisha
0%
BhubaneshwarOdisha
0%
PanipatPunjab
0%
NoidaUttar Pradesh
0%
DurgapurWest Bengal
0%

Score Distribution

Percentile by Number Answered

Percent of People with Each Score

Your Score History

You have not taken this quiz